[Event "Fenain op"]
[Site "Fenain"]
[Date "2007.02.27"]
[Round "7.6"]
[White "Guidez, Thomas"]
[Black "Bessat, Remy"]
[Result "1-0"]
[WhiteElo "1903"]
[BlackElo "2030"]
[PlyCount "97"]
[EventDate "2007.02.24"]
[EventType "swiss"]
[EventRounds "7"]
[EventCountry "FRA"]
[SourceTitle "CBM 117 Extra"]
[Source "ChessBase"]
[SourceDate "2007.05.09"]
[SourceVersion "1"]
[SourceVersionDate "2007.05.09"]
[SourceQuality "1"]

1. d4 Nf6 2. Nf3 b6 3. Bg5 Bb7 4. Nbd2 d6 5. c3 Nbd7 6. Qa4 g6 7. e3 Bg7 8. Bd3 0-0 9. 0-0 c5 10. Rac1 a6 11. Qd1 b5 12. Re1 d5 13. Ne5 Nxe5 14. dxe5 Nd7 15. f4 c4 16. Bb1 f6 17. exf6 exf6 18. Bh4 Qc7 19. f5 g5 20. Bg3 Qb6 21. Nf3 Rfe8 22. Nd4 Bf8 23. Qh5 Bd6 24. Ne6 Re7 25. Bxd6 Qxd6 26. Qh6 Qe5 27. h4 gxh4 28. Qxh4 Kh8 29. Kf2 Rg8 30. Nf4 Nf8 31. Qh6 Reg7 32. Ng6+ Nxg6 33. fxg6 f5 34. Rh1 Re8 35. Qg5 Rxg6 36. Rxh7+ Kxh7 37. Bxf5 Qg7 38. Rh1+ Kg8 39. Qxg6 Qxg6 40. Bxg6 Re6 41. Bf5 Rf6 42. g4 Bc6 43. Rh5 Kg7 44. Kg3 Kf7 45. Kf4 Bd7 46. Rh7+ Ke8 47. Rxd7 Rxf5+ 48. Kxf5 Kxd7 49. Ke5 1-0

[Event "La Fere op 5th"]
[Site "La Fere"]
[Date "2006.07.11"]
[Round "5"]
[White "Bessat, Remy"]
[Black "Dumitrache, Dragos Nicolae"]
[Result "0-1"]
[WhiteElo "1974"]
[BlackElo "2451"]
[PlyCount "100"]
[EventDate "2006.07.08"]
[EventType "swiss"]
[EventRounds "9"]
[EventCountry "FRA"]
[SourceTitle "CBM 113 Extra"]
[Source "ChessBase"]
[SourceDate "2006.09.14"]
[SourceVersion "1"]
[SourceVersionDate "2006.09.14"]
[SourceQuality "1"]

1. e4 c5 2. Nf3 d6 3. d4 Nf6 4. Nc3 cxd4 5. Nxd4 a6 6. Bg5 e6 7. f4 Qb6 8. Qd2 Nc6 9. 0-0-0 Bd7 10. Be2 Nxd4 11. Qxd4 Qxd4 12. Rxd4 Bc6 13. Bf3 Nd7 14. Rhd1 b5 15. Nd5 Rc8 16. Bh4 h6 17. Nb4 Bb7 18. e5 Bxf3 19. gxf3 g5 20. Bg3 gxf4 21. Bxf4 Nxe5 22. Nxa6 Nc4 23. R4d3 Rg8 24. Bg3 h5 25. Kb1 Be7 26. Rg1 d5 27. Bf2 Rxg1+ 28. Bxg1 Kd7 29. Rd1 Rg8 30. Bc5 Bxc5 31. Nxc5+ Kc6 32. Nd3 Rg2 33. Rh1 Nd2+ 34. Kc1 Nxf3 35. Rf1 Nd4 36. Rxf7 Rxc2+ 37. Kb1 Rxh2 38. a3 Kb6 39. Rh7 h4 40. Rh6 Nf5 41. Rh8 Nd4 42. Rh6 Nf5 43. Rh8 d4 44. Rd8 Kc7 45. Re8 Kd7 46. Rb8 Rh3 47. Nc5+ Kd6 48. Rxb5 Re3 49. b4 h3 50. Rb6+ Kd5 0-1

[Event "Marseille op"]
[Site "Marseille"]
[Date "2005.07.??"]
[Round "8"]
[White "Boudre, Jean Pierre"]
[Black "Bessat, Remy"]
[Result "1-0"]
[WhiteElo "2327"]
[BlackElo "2006"]
[PlyCount "53"]
[EventDate "2005.06.??"]
[EventType "swiss"]
[EventRounds "9"]
[EventCountry "FRA"]
[SourceTitle "EXT 2006"]
[Source "ChessBase"]
[SourceDate "2005.11.24"]
[SourceVersion "1"]
[SourceVersionDate "2005.11.24"]
[SourceQuality "1"]

1. e4 c5 2. Nf3 d6 3. d4 cxd4 4. Nxd4 Nf6 5. Bd3 e6 6. 0-0 Be7 7. c4 0-0 8. Nc3 Bd7 9. b3 Nc6 10. Nxc6 Bxc6 11. Bb2 Qb6 12. Kh1 h5 13. h3 a5 14. a3 Rfe8 15. f4 e5 16. Nd5 Bxd5 17. exd5 e4 18. Be2 h4 19. Bd4 Qd8 20. Ra2 Bf8 21. Qe1 Nd7 22. g4 Nc5 23. g5 Nxb3 24. Bc3 b5 25. Qxh4 bxc4 26. Bg4 Qc8 27. Bxc8 1-0

[Event "Champagne-chT"]
[Site "Ardennes"]
[Date "2005.05.05"]
[Round "2"]
[White "Okhotnik, Vladimir"]
[Black "Bessat, Remy"]
[Result "1-0"]
[WhiteElo "2417"]
[BlackElo "2006"]
[PlyCount "117"]
[EventDate "2005.05.05"]
[EventType "team"]
[EventRounds "8"]
[EventCountry "FRA"]
[SourceTitle "EXT 2007"]
[Source "ChessBase"]
[SourceDate "2006.11.23"]
[SourceVersion "1"]
[SourceVersionDate "2006.11.23"]
[SourceQuality "1"]

1. e4 c5 2. Nf3 d6 3. Bc4 e6 4. 0-0 Nc6 5. d3 Be7 6. Bb3 Nf6 7. c3 0-0 8. Re1 d5 9. Nbd2 b6 10. Bc2 Bb7 11. Qe2 dxe4 12. dxe4 Qc7 13. a4 Rfe8 14. Nc4 Nd7 15. e5 Nf8 16. Bf4 Ba6 17. Qe4 Bxc4 18. Qxc4 Na5 19. Qe4 Qc6 20. Qe2 Qc7 21. h4 Rad8 22. Bg3 Rd7 23. h5 Red8 24. Qe4 Qb7 25. Qg4 Qa6 26. Bf4 Nc4 27. Bh6 g6 28. Bc1 Na5 29. Bg5 Nc6 30. Be4 Qc8 31. Bf6 Bxf6 32. exf6 Rd6 33. Bxc6 Qxc6 34. Ne5 Qe8 35. Qg5 Nd7 36. hxg6 hxg6 37. f4 Qf8 38. Re3 Nxe5 39. fxe5 Rd3 40. Re4 Rd1+ 41. Rxd1 Rxd1+ 42. Kh2 Rf1 43. Rh4 Rf5 44. Qe3 Rh5 45. Rxh5 gxh5 46. Qg5+ Kh7 47. Kh3 Qh6 48. Kh4 Qxg5+ 49. Kxg5 h4 50. Kxh4 Kh6 51. b4 Kg6 52. g4 a5 53. bxc5 bxc5 54. g5 c4 55. Kg4 Kh7 56. Kh5 Kg8 57. g6 Kf8 58. g7+ Kg8 59. Kg4 1-0

[Event "Pic d'Anie op 1st"]
[Site "Arette"]
[Date "2004.08.??"]
[Round "5"]
[White "Bessat, Remy"]
[Black "Joie, Sebastien"]
[Result "0-1"]
[WhiteElo "1958"]
[BlackElo "2000"]
[PlyCount "108"]
[EventDate "2004.08.??"]
[EventType "swiss"]
[EventRounds "7"]
[EventCountry "FRA"]
[SourceTitle "EXT 2007"]
[Source "ChessBase"]
[SourceDate "2006.11.23"]
[SourceVersion "1"]
[SourceVersionDate "2006.11.23"]
[SourceQuality "1"]

1. d4 d6 2. c4 e5 3. Nf3 Bg4 4. Nbd2 Nc6 5. d5 Nce7 6. Qa4+ Qd7 7. Qxd7+ Bxd7 8. e4 g6 9. c5 f5 10. cxd6 cxd6 11. Nc4 Nc8 12. exf5 gxf5 13. Bg5 Nge7 14. Rd1 Rg8 15. Bc1 b5 16. Na3 a6 17. Ng5 h6 18. Ne6 Bxe6 19. dxe6 Rg6 20. g3 Rxe6 21. Be2 Ng8 22. 0-0 Nf6 23. Bf3 e4 24. Bg2 d5 25. Nc2 Bc5 26. Bxh6 Ne7 27. Be3 Rc8 28. Bxc5 Rxc5 29. Nd4 Re5 30. Rfe1 Rc4 31. f4 Rxd4 32. fxe5 Rxd1 33. Rxd1 Ng4 34. e6 Ne3 35. Rc1 d4 36. Kf2 N7d5 37. Bf1 d3 38. Rc6 Nxf1 39. Kxf1 e3 40. Rd6 Nb4 41. Rxd3 Nxd3 42. Ke2 Nxb2 43. Kxe3 Ke7 44. Kd4 Kxe6 45. Kc5 Na4+ 46. Kb4 Kf6 47. h4 Kg6 48. Ka5 Nc3 49. a3 Nb1 50. Kxa6 Nxa3 51. Ka5 Nc4+ 52. Kxb5 Nd6+ 53. Kc6 Ne4 54. Kd5 Nxg3 0-1

[Event "Nord Pas de Cal-chT"]
[Site "Lille"]
[Date "2004.??.??"]
[Round "7.2"]
[White "Platel, Alexandre"]
[Black "Bessat, Remy"]
[Result "1-0"]
[WhiteElo "2088"]
[BlackElo "1998"]
[PlyCount "69"]
[EventDate "2004.04.??"]
[EventType "team-swiss"]
[EventRounds "7"]
[EventCountry "FRA"]
[SourceTitle "EXT 2005"]
[Source "ChessBase"]
[SourceDate "2004.11.15"]
[SourceVersion "1"]
[SourceVersionDate "2004.11.15"]
[SourceQuality "1"]

1. e4 c6 2. c4 d6 3. d4 Nd7 4. f4 e6 5. Nc3 c5 6. Nf3 cxd4 7. Nxd4 a6 8. Nf3 Qc7 9. Qa4 Rb8 10. Be3 Ne7 11. Be2 Nc6 12. 0-0 Be7 13. b4 0-0 14. Rac1 Nf6 15. b5 Ng4 16. Bd2 Qb6+ 17. Kh1 Nd4 18. Nxd4 Qxd4 19. Bxg4 Qxd2 20. Qb4 b6 21. e5 a5 22. Qa3 Rb7 23. Ne4 Qd4 24. exd6 Bf6 25. Bf3 Ra7 26. Rfd1 Qb2 27. Nxf6+ Qxf6 28. Qe3 Bb7 29. Bc6 Qd8 30. Qe4 Qb8 31. Qd4 Rd8 32. Qxb6 Bxc6 33. Qxb8 Bxg2+ 34. Kxg2 Rxb8 35. c5 1-0

[Event "Bethune op 24th"]
[Site "Bethune"]
[Date "2003.12.26"]
[Round "1"]
[White "Jossien, Remy"]
[Black "Bessat, Remy"]
[Result "1-0"]
[WhiteElo "2155"]
[BlackElo "2009"]
[PlyCount "63"]
[EventDate "2003.12.26"]
[EventType "swiss"]
[EventRounds "9"]
[EventCountry "FRA"]
[SourceTitle "CBM 098 Extra"]
[Source "ChessBase"]
[SourceDate "2004.03.10"]
[SourceVersion "2"]
[SourceVersionDate "2004.03.10"]
[SourceQuality "1"]

1. e4 e5 2. f4 d5 3. exd5 e4 4. Nc3 Nf6 5. d3 Bb4 6. Bd2 exd3 7. Bxd3 0-0 8. Nf3 Re8+ 9. Ne2 Bxd2+ 10. Qxd2 Qxd5 11. 0-0 Qc5+ 12. Kh1 Nc6 13. Ng3 Bg4 14. Ng5 h6 15. N5e4 Nxe4 16. Nxe4 Qd4 17. c3 Qd8 18. Qc2 Qd5 19. h3 Rad8 20. Rae1 Bc8 21. Re3 Kh8 22. Rfe1 Qxa2 23. Bc4 Qxc4 24. Ng5 g6 25. Rxe8+ Rxe8 26. Rxe8+ Kg7 27. Nf3 Qf1+ 28. Kh2 Bd7 29. Re2 Bf5 30. Qd2 Qb1 31. Nd4 Bd3 32. Re1 1-0

[Event "Bethune-A"]
[Site "Bethune"]
[Date "2002.07.11"]
[Round "7.1"]
[White "Bessat, Remy"]
[Black "Therkildsen, Thomas"]
[Result "0-1"]
[WhiteElo "2017"]
[BlackElo "2124"]
[PlyCount "118"]
[EventDate "2002.07.06"]
[EventType "tourn"]
[EventRounds "9"]
[EventCountry "FRA"]
[SourceTitle "EXT 2005"]
[Source "ChessBase"]
[SourceDate "2004.11.15"]
[SourceVersion "1"]
[SourceVersionDate "2004.11.15"]
[SourceQuality "1"]

1. d4 Nf6 2. c4 e6 3. Nf3 b6 4. g3 Ba6 5. Nbd2 c5 6. Bg2 Bb7 7. e3 Be7 8. 0-0 0-0 9. dxc5 bxc5 10. Qc2 d6 11. b3 Nbd7 12. Bb2 a5 13. a4 Ra6 14. Rfe1 Qa8 15. e4 Rb6 16. Bc3 Rb8 17. h3 e5 18. Nh4 g6 19. Bf1 Nf8 20. Bd3 Ne6 21. Ra3 Nd4 22. Qd1 Bc6 23. Ng2 Nh5 24. h4 Bf8 25. Ne3 Bh6 26. Bc2 Bxe3 27. Rxe3 Ng7 28. Nf1 f5 29. f3 Nge6 30. Nd2 f4 31. gxf4 Nxf4 32. Bd3 R6b7 33. Bf1 Rf8 34. Ra2 Qd8 35. Qe1 Nh5 36. Bg2 Rf4 37. Nf1 Ra7 38. Rd3 Rxh4 39. Bd2 Nf4 40. Bxf4 Rxf4 41. Rf2 Raf7 42. Nd2 Bd7 43. Qd1 g5 44. Bh1 h5 45. Rh2 h4 46. Bg2 g4 47. fxg4 Bxg4 48. Qe1 Rh7 49. Qe3 Kh8 50. Bh3 Nc2 51. Qxc5 Qg8 52. Qd5 Be6+ 53. Rg2 Bxd5 54. Rxg8+ Bxg8 55. Rxd6 Rg7+ 56. Kh1 Rg3 57. Bf5 Nd4 58. c5 Rf2 59. Rxd4 exd4 0-1

[Event "Bethune-A"]
[Site "Bethune"]
[Date "2002.07.08"]
[Round "4.4"]
[White "Bry, Stephane"]
[Black "Bessat, Remy"]
[Result "1/2-1/2"]
[WhiteElo "1940"]
[BlackElo "2017"]
[PlyCount "44"]
[EventDate "2002.07.06"]
[EventType "tourn"]
[EventRounds "9"]
[EventCountry "FRA"]
[SourceTitle "EXT 2005"]
[Source "ChessBase"]
[SourceDate "2004.11.15"]
[SourceVersion "1"]
[SourceVersionDate "2004.11.15"]
[SourceQuality "1"]

1. e4 e6 2. d4 c5 3. Nf3 cxd4 4. Nxd4 a6 5. Nc3 Qc7 6. Be2 Nc6 7. 0-0 Nf6 8. Bg5 Be7 9. Nxc6 dxc6 10. f4 Qb6+ 11. Kh1 Qxb2 12. Rf3 Qb4 13. Rb1 Qa5 14. e5 Nd5 15. Ne4 f6 16. exf6 gxf6 17. Bh6 b5 18. c4 bxc4 19. Bxc4 Rg8 20. Rg3 Rxg3 21. hxg3 Ne3 22. Nd6+ Kd7 1/2-1/2

[Event "FRA-ch op-A"]
[Site "Marseille"]
[Date "2001.08.22"]
[Round "8"]
[White "Hoyer, Pascal"]
[Black "Bessat, Remy"]
[Result "0-1"]
[WhiteElo "1850"]
[BlackElo "2033"]
[PlyCount "110"]
[EventDate "2001.08.13"]
[EventType "swiss"]
[EventRounds "11"]
[EventCountry "FRA"]
[SourceTitle "EXT 2002"]
[Source "ChessBase"]
[SourceDate "2001.11.25"]
[SourceVersion "1"]
[SourceVersionDate "2001.11.25"]
[SourceQuality "1"]

1. d4 d5 2. Bg5 h6 3. Bh4 Bf5 4. e3 c6 5. Nd2 Nd7 6. c4 Qa5 7. Ngf3 Ngf6 8. Bxf6 Nxf6 9. a3 dxc4 10. Bxc4 e6 11. 0-0 Be7 12. b4 Qc7 13. Qb3 0-0 14. Rfc1 a6 15. a4 b6 16. Rc3 Qd6 17. a5 b5 18. Be2 Qxb4 19. Rxc6 Rfc8 20. Rb6 Rc3 21. Qxb4 Bxb4 22. Nf1 Be4 23. Ng3 Bd5 24. Ne5 Ra3 25. Rxa3 Bxa3 26. Bf3 Bxf3 27. gxf3 Nd5 28. Rb7 f6 29. Nd3 Rc8 30. Ne4 Nb4 31. Ndc5 Nc6 32. Nxe6 Bf8 33. Rb6 b4 34. N6c5 f5 35. Nd2 Bxc5 36. dxc5 Nxa5 37. c6 Rxc6 38. Rxb4 Rc1+ 39. Kg2 Nc6 40. Ra4 Nb8 41. Ra5 Rc2 42. Nb3 g6 43. Nc5 Nc6 44. Rxa6 Rxc5 45. Ra8+ Kf7 46. Rc8 Rc4 47. Kg3 Ne5 48. Rxc4 Nxc4 49. h4 Kf6 50. Kf4 Ne5 51. Kg3 Nd3 52. f4 h5 53. Kf3 Ne1+ 54. Kg3 Ke6 55. Kh2 Kd5 0-1